Fr. Conceicao Rodrigues College of Engineering

An IBM 1130 (Record no. 35251)

MARC details
000 -LEADER
fixed length control field 00267nam a2200133Ia 4500
082 ## - DEWEY DECIMAL CLASSIFICATION NUMBER
Classification number 1.6
100 ## - MAIN ENTRY--PERSONAL NAME
Personal name Mann/Richard A
245 ## - TITLE STATEMENT
Title An IBM 1130
260 ## - PUBLICATION, DISTRIBUTION, ETC.
Name of publisher, distributor, etc. Harper & Row Pub
Place of publication, distribution, etc. New York
Date of publication, distribution, etc. 1974
300 ## - PHYSICAL DESCRIPTION
Extent 276
546 ## - LANGUAGE NOTE
Language note ENGLISH
654 ## - SUBJECT ADDED ENTRY--FACETED TOPICAL TERMS
Focus term IBM
942 ## - ADDED ENTRY ELEMENTS (KOHA)
Koha item type BOOK
Holdings
Withdrawn status Lost status Damaged status Not for loan Collection Home library Current library Shelving location Date acquired Source of acquisition Cost, normal purchase price Total Checkouts Full call number Barcode Date last seen Cost, replacement price Price effective from Koha item type
        AFT Fr. Agnel's C.Rodrigues College of Engineering Fr. Agnel's C.Rodrigues College of Engineering   17/03/2023 V.M.VAIDYA 77.00   1.6 AFT4746 17/03/2023 77.00 17/03/2023 BOOK